[Event "Challenge"]
[Site "http://www.queenalice.com/game.php?id=1036415"]
[Date "2012.3.6"]
[Round "-"]
[White "Bixu"]
[Black "Publio"]
[Result "1-0"]
[WhiteElo "1767"]
[BlackElo "1801"]

1. e4 e5 2. Nf3 d6 3. Bc4 Bg4 4. h3 Bxf3 5. Qxf3 Nf6 6. d3 Nc6 7. Bd2 Nd4 8. Qd1
b5 9. Bd5 c6 10. Bb3 a5 11. a4 b4 12. c3 bxc3 13. bxc3 Nxb3 14. Qxb3 d5 15. O-O
dxe4 16. d4 exd4 17. Qc4 Rc8 18. cxd4 Nd5 19. Qe2 f5 20. Nc3 Bd6 21. Nxd5 cxd5
22. Qb5+ Qd7 23. Qxa5 Bc7 24. Qb5 Rb8 25. Qxd7+ Kxd7 26. f4 Rb3 27. Rfe1 Re8 28.
Be3 Rc8 29. a5 Ra8 30. a6 Kc6 31. Rec1+ Kb6 32. Bd2 Ka7 33. Rxc7+ Kb8 34. Rxg7
Ra7 35. Rg8+ Kc7 36. Ba5+ Kd6 37. Rd8+ Ke6 38. Re8+ Kf7 39. Re5 Rd3 40. Rxf5+
Ke6 41. Re5+ Kd6 42. Bb6 Ra8 43. Bc5+ Kc6 44. Re6+ Kb5 45. Rb1+ Kc4 46. a7 Kc3
47. Rb8 Rxa7 48. Bxa7 e3 49. Rc6+ Kd2 50. Rb2+ Ke1 51. Rc1+ Rd1 52. Rxd1+ Kxd1
53. Kf1 h5 54. Re2 h4 55. f5 1-0

[Event "AUTO-OPEN-2632"]
[Site "http://www.queenalice.com/game.php?id=1038598"]
[Date "2012.3.13"]
[Round "1"]
[White "Bixu"]
[Black "botafoguense"]
[Result "1-0"]
[WhiteElo "1800"]
[BlackElo "1450"]

1. e4 a6 2. Bc4 e6 3. e5 d5 4. exd6 Qxd6 5. Nf3 f6 6. d3 Bd7 7. O-O b5 8. Bb3
Ne7 9. c4 Nf5 10. cxb5 axb5 11. Nc3 Be7 12. a4 b4 13. Nb5 Bxb5 14. Bc4 Bd7 15.
b3 Nc6 16. Bb5 Nfd4 17. Nxd4 Qxd4 18. Be3 Qd5 19. Qc2 Bd6 20. Bc4 Nd4 21. Bxd5
Nxc2 22. Bxa8 Nxa1 23. Rxa1 O-O 24. Be4 f5 25. Bf3 c5 26. d4 Rc8 27. d5 e5 28.
a5 e4 29. Be2 Kf7 30. a6 Ra8 31. Ra5 f4 32. Bc1 Rc8 33. Bc4 g5 34. g3 h6 35. Kf1
fxg3 36. hxg3 1-0

[Event "AUTO-OPEN-2632"]
[Site "http://www.queenalice.com/game.php?id=1038627"]
[Date "2012.3.13"]
[Round "1"]
[White "Bixu"]
[Black "adyo"]
[Result "0-1"]
[WhiteElo "1818"]
[BlackElo "2040"]

1. e4 e6 2. e5 d6 3. Nf3 Nc6 4. Bb5 Bd7 5. c3 a6 6. Bxc6 Bxc6 7. O-O dxe5 8.
Nxe5 Bb5 9. d3 Bd6 10. Nf3 Nf6 11. c4 Bc6 12. a4 O-O 13. h3 Bc5 14. Ne5 Be8 15.
Nc3 Bd4 16. Bf4 Nd7 17. Nxd7 Bxd7 18. Qe2 c5 19. Be5 Bxe5 20. Qxe5 Rc8 21. Ne4
b6 22. b3 f6 23. Qg3 f5 24. Nd6 Rc6 25. f4 Rxd6 26. Rfe1 Qf6 27. Re5 Bc6 28. Ra2
Rfd8 29. Rd2 Be4 30. Qg5 Qxg5 31. fxg5 Bxd3 32. Kh2 a5 33. h4 Kf7 34. g3 Be4 35.
Rxd6 Rxd6 36. g6+ Kxg6 37. g4 Rd3 38. Rxe6+ Kf7 39. Rxb6 fxg4 40. Ra6 g3+ 0-1

[Event "AUTO-OPEN-2632"]
[Site "http://www.queenalice.com/game.php?id=1038628"]
[Date "2012.3.13"]
[Round "1"]
[White "adyo"]
[Black "Bixu"]
[Result "1-0"]
[WhiteElo "2103"]
[BlackElo "1812"]

1. e4 e5 2. Nf3 Nf6 3. Nxe5 Bd6 4. Nf3 Nxe4 5. Qe2 Qe7 6. d3 Nc5 7. Be3 O-O 8.
Na3 Qf6 9. c3 Ne6 10. Nc4 Bc5 11. d4 Bb6 12. Nxb6 axb6 13. Qd2 d5 14. Be2 c5 15.
O-O c4 16. b3 b5 17. a4 bxa4 18. bxc4 dxc4 19. Bxc4 Bd7 20. Ne5 Bc8 21. Qc2 a3
22. Bc1 b5 23. Bxb5 a2 24. Rxa2 Rxa2 25. Qxa2 Nc7 26. Bd3 Be6 27. Qc2 g6 28. Re1
Bf5 29. Bxf5 Qxf5 30. Qxf5 gxf5 31. c4 Ne6 32. d5 Nc5 33. f4 Re8 34. Ba3 Ne4 35.
c5 f6 36. Nd3 Rd8 37. d6 Nc6 38. Nb4 Na5 39. Nd3 Nc4 40. Bb4 Kf7 41. Rb1 Ke6 42.
Ra1 Rg8 43. Ra7 Ne3 44. g3 h5 45. Re7+ Kd5 46. d7 Rd8 47. Ba5 Rxd7 48. Rxd7+ Kc4
49. c6 Nd5 50. c7 Nxc7 51. Bxc7 Kb5 52. Bd8 Kc4 53. Nf2 Nc5 54. Rh7 Ne4 55. Rxh5
Nxf2 56. Kxf2 1-0

[Event "AUTO-OPEN-2632"]
[Site "http://www.queenalice.com/game.php?id=1038629"]
[Date "2012.3.13"]
[Round "1"]
[White "Bixu"]
[Black "RDario"]
[Result "1-0"]
[WhiteElo "1791"]
[BlackElo "1927"]

1. d4 e6 2. e4 c5 3. Nf3 cxd4 4. Nxd4 Bc5 5. c3 Qb6 6. b4 Bxd4 7. Qxd4 Qxd4 8.
cxd4 Nc6 9. Bb2 Nxb4 10. e5 Nc2+ 11. Kd1 Nxa1 12. Bc4 Ne7 13. Nc3 a6 14. Kd2 b5
15. Bd3 b4 16. Ne4 b3 17. Rxa1 Rb8 18. a4 Nd5 19. Nd6+ Kd8 20. Nxf7+ Ke7 21.
Nxh8 Bb7 22. Ba3+ Ke8 23. Bxh7 Bc6 24. Bg6+ Kd8 25. Nf7+ Kc8 26. Nd6+ Kc7 27.
Nc4 Bxa4 28. Bd6+ Kb7 29. Rxa4 Rc8 30. Na5+ Kb6 31. Nxb3 Nf4 32. Bd3 Ra8 33.
Bc5+ Kb7 34. Na5+ Kc7 35. Rb4 Nxd3 36. Rb7+ Kc8 37. Kxd3 g5 38. Bb6 Rb8 39. Rc7+
Kd8 40. Rb7+ Kc8 41. Rxb8+ Kxb8 42. Bd8 g4 43. h4 Kc8 44. Bf6 Kc7 45. h5 Kb6 46.
Nc4+ Kb5 47. h6 a5 48. h7 a4 49. h8=Q Kb4 50. Be7+ Kb3 51. Qb8+ Ka2 52. Qb2# 1-0

[Event "AUTO-OPEN-2632"]
[Site "http://www.queenalice.com/game.php?id=1038630"]
[Date "2012.3.13"]
[Round "1"]
[White "RDario"]
[Black "Bixu"]
[Result "1-0"]
[WhiteElo "1905"]
[BlackElo "1811"]

1. d4 Nf6 2. c4 e6 3. Nc3 Bb4 4. e3 Ne4 5. Ne2 Nxc3 6. Nxc3 d5 7. Qa4+ Nc6 8.
cxd5 exd5 9. Bb5 Bxc3+ 10. bxc3 Bd7 11. O-O O-O 12. c4 dxc4 13. Qxc4 Na5 14. Qb4
c6 15. Bd3 b5 16. Ba3 Nc4 17. Qxf8+ Qxf8 18. Bxf8 Rxf8 19. Bxc4 bxc4 20. Rab1
Bc8 21. Rb8 a5 22. Rc1 Be6 23. Rxf8+ Kxf8 24. Rc3 Bd5 25. f3 Ke7 26. e4 Be6 27.
a4 f6 28. Kf2 g5 29. g4 Kd6 30. Ke3 h6 31. h3 Bf7 32. f4 f5 33. gxf5 gxf4+ 34.
Kxf4 c5 35. d5 Bh5 36. Rxc4 Be2 37. Rc2 Bf1 38. h4 Be2 39. Rxe2 1-0

[Event "Challenge"]
[Site "http://www.queenalice.com/game.php?id=1040775"]
[Date "2012.3.20"]
[Round "-"]
[White "ORNELAS"]
[Black "Bixu"]
[Result "0-1"]
[WhiteElo "1676"]
[BlackElo "1807"]

1. e4 e5 2. c3 Nf6 3. d3 d6 4. Bg5 h6 5. Bh4 g5 6. Bg3 h5 7. h4 g4 8. Ne2 Bh6 9.
b4 b6 10. a3 b5 11. Nd2 Nbd7 12. a4 c6 13. a5 a6 14. c4 Qc7 15. Nc3 Bb7 16. cxb5
cxb5 17. Qe2 Qxc3 18. Rb1 Bxd2+ 19. Qxd2 Qxd2+ 20. Kxd2 Ke7 21. Be2 Nf8 22. Bd1
Ng6 23. Bb3 Nf4 24. Bxf4 exf4 25. g3 f3 26. Rhe1 Nd7 27. d4 f6 28. d5 Ne5 29.
Ke3 Rac8 30. Rbc1 Nc4+ 31. Bxc4 Rxc4 32. Rxc4 bxc4 33. Rc1 Rc8 34. Kd4 f5 35.
Rxc4 Rxc4+ 36. Kxc4 fxe4 37. Kd4 e3 38. Kxe3 Bxd5 39. Kf4 Kf6 0-1

[Event "batalla de cracks"]
[Site "http://www.queenalice.com/game.php?id=1043143"]
[Date "2012.3.26"]
[Round "-"]
[White "jorm"]
[Black "Bixu"]
[Result "1-0"]
[WhiteElo "1909"]
[BlackElo "1812"]

1. e4 e5 2. Nc3 Nf6 3. a3 Bc5 4. h3 d6 5. d3 a6 6. Nf3 h6 7. Ne2 Nbd7 8. b4 Bd4
9. Nfxd4 exd4 10. Nxd4 d5 11. exd5 Nxd5 12. Bd2 Qe7+ 13. Be2 c5 14. bxc5 Nxc5
15. Nf3 O-O 16. c4 Nf6 17. O-O Bd7 18. Nd4 Ba4 19. Qe1 Rad8 20. Nf5 Qe6 21.
Nxh6+ gxh6 22. Bxh6 Rfe8 23. Qc1 Nh7 24. Bg4 f5 25. Bh5 Nxd3 26. Qe3 Qxc4 27.
Qg3+ Kh8 28. Qg7# 1-0

[Event "AUTO-ADV-2389"]
[Site "http://www.queenalice.com/game.php?id=1060164"]
[Date "2012.5.16"]
[Round "2"]
[White "Bixu"]
[Black "tonycorreia"]
[Result "1-0"]
[WhiteElo "1789"]
[BlackElo "1827"]

1. e4 e5 2. Bc4 Nc6 3. Nf3 Nd4 4. Nxe5 Qg5 5. Ng4 d5 6. exd5 Bxg4 7. f3 Bf5 8.
O-O Nxc2 9. d3 Bc5+ 10. Rf2 Bxf2+ 11. Kxf2 Qh4+ 12. Kg1 Qd4+ 13. Kh1 Nxa1 14.
Na3 O-O-O 15. Nb5 a6 16. Nxd4 Bg6 17. Bg5 f6 18. Bf4 b5 19. Bxb5 axb5 20. Qc1
Rxd5 21. Qxc7# 1-0

[Event "AUTO-ADV-2389"]
[Site "http://www.queenalice.com/game.php?id=1060165"]
[Date "2012.5.16"]
[Round "2"]
[White "tonycorreia"]
[Black "Bixu"]
[Result "1-0"]
[WhiteElo "1801"]
[BlackElo "1790"]

1. e4 e5 2. Nc3 Bc5 3. Bc4 Qf6 4. Nf3 d6 5. Nd5 Qd8 6. h3 Nf6 7. d3 Nxd5 8. Bxd5
O-O 9. c3 c6 10. Bb3 Nd7 11. O-O Nf6 12. Bg5 h6 13. Bh4 b5 14. a4 b4 15. c4 a5
16. Qe2 g5 17. Bg3 Nh5 18. Bh2 Qf6 19. Rab1 Kh7 20. Nxe5 dxe5 21. Qxh5 Be6 22.
Rbd1 Bd4 23. Rd2 Qg6 24. Qxg6+ Kxg6 25. Kh1 f5 26. f3 f4 27. Bg1 c5 28. Kh2 h5
29. Bxd4 1-0

[Event "AUTO-ADV-2389"]
[Site "http://www.queenalice.com/game.php?id=1060166"]
[Date "2012.5.16"]
[Round "2"]
[White "Bixu"]
[Black "ggg09"]
[Result "0-1"]
[WhiteElo "1802"]
[BlackElo "1867"]

1. d4 e6 2. Nf3 c5 3. e4 cxd4 4. Nxd4 Nf6 5. e5 Nd5 6. Bc4 Nb6 7. Bb5 a6 8. Be2
Nc6 9. Nxc6 bxc6 10. O-O Bb7 11. Bf3 Nc4 12. Nd2 Nxe5 13. Qe2 Nxf3+ 14. Nxf3 Qf6
15. c3 Bd6 16. Bg5 Qg6 17. b4 c5 18. bxc5 Bxc5 19. Be3 Bxe3 20. Qxe3 O-O 21.
Rab1 Bd5 22. Nh4 Qg4 23. Rb4 Qh5 24. g3 g5 25. Nf3 Bxf3 26. h4 h6 27. Qe5 a5 28.
Rd4 d5 29. Ra4 Rfc8 30. Rc1 Rc4 31. Rxc4 dxc4 32. Qd4 Qg4 33. Qxg4 Bxg4 34. hxg5
hxg5 35. Re1 Bf3 36. Re5 g4 37. Rc5 Rd8 38. Rg5+ Kf8 0-1

[Event "AUTO-ADV-2389"]
[Site "http://www.queenalice.com/game.php?id=1060167"]
[Date "2012.5.16"]
[Round "2"]
[White "ggg09"]
[Black "Bixu"]
[Result "1-0"]
[WhiteElo "1777"]
[BlackElo "1808"]

1. e4 e5 2. Nf3 d6 3. Bc4 c6 4. d4 Nd7 5. Nc3 exd4 6. Nxd4 Ngf6 7. O-O b5 8. Bb3
Qb6 9. Re1 Ne5 10. Bg5 Be7 11. Bxf6 Bxf6 12. Nf5 Ng4 13. Re2 O-O 14. Qxd6 Bxf5
15. exf5 Rae8 16. Qg3 b4 17. Ne4 Ne5 18. Nxf6+ Kh8 19. Nxe8 Rxe8 20. Rxe5 Rxe5
21. Qxe5 Qd8 22. Re1 h6 23. Qe8+ Qxe8 24. Rxe8+ Kh7 25. Bxf7 c5 26. Ra8 1-0

[Event "AUTO-ADV-2389"]
[Site "http://www.queenalice.com/game.php?id=1060168"]
[Date "2012.5.16"]
[Round "2"]
[White "Bixu"]
[Black "Constante"]
[Result "0-1"]
[WhiteElo "1735"]
[BlackElo "2013"]

1. e4 c5 2. Nf3 d6 3. Bb5+ Nd7 4. e5 dxe5 5. Nxe5 Nf6 6. d4 a6 7. Bxd7+ Bxd7 8.
dxc5 Qa5+ 9. Nc3 Qxc5 10. Nxd7 Nxd7 11. O-O e6 12. Qf3 Qc7 13. a4 Bd6 14. Ne4
Bxh2+ 15. Kh1 Be5 16. c3 Nf6 17. Nxf6+ Bxf6 18. Bf4 Qe7 0-1

[Event "AUTO-ADV-2389"]
[Site "http://www.queenalice.com/game.php?id=1060169"]
[Date "2012.5.16"]
[Round "2"]
[White "Constante"]
[Black "Bixu"]
[Result "1-0"]
[WhiteElo "2018"]
[BlackElo "1730"]

1. e4 e5 2. Nf3 Nc6 3. Bb5 Nd4 4. Nxd4 exd4 5. O-O c6 6. Bc4 d5 7. exd5 Nf6 8.
Re1+ Be7 9. dxc6 bxc6 10. d3 O-O 11. Bg5 h6 12. Bh4 Bg4 13. f3 Bf5 14. Nd2 Nd5
15. Bxe7 Nxe7 16. Qe2 Nd5 17. Nb3 Ne3 18. c3 Nxc4 19. dxc4 1-0

[Event "Challenge"]
[Site "http://www.queenalice.com/game.php?id=1065603"]
[Date "2012.5.29"]
[Round "-"]
[White "Bixu"]
[Black "plot24"]
[Result "0-1"]
[WhiteElo "1749"]
[BlackElo "1810"]

1. e4 e5 2. Nf3 Nc6 3. Bb5 b6 4. Bxc6 dxc6 5. Nxe5 Qd4 6. Nf3 Qxe4+ 7. Qe2 Qxe2+
8. Kxe2 Bd6 9. Re1 Ne7 10. Kf1 f6 11. d3 Kf7 12. Nc3 Bg4 13. Ne4 Nf5 14. Nxd6+
cxd6 15. h3 Bxf3 16. gxf3 Nd4 17. Rb1 Nxc2 18. Re4 d5 19. Rf4 c5 20. b3 g5 21.
Rf5 Ke6 22. Rxf6+ Kxf6 23. f4 gxf4 24. Bxf4 Nb4 25. Ke2 Nxa2 26. Kd2 d4 27. Re1
Rhe8 28. Rg1 Nc3 29. Re1 Rxe1 30. Kxe1 Kf5 31. Bd2 a5 32. Bc1 Nd5 33. h4 Kg4 34.
Bg5 Re8+ 35. Kd2 Kf3 36. h5 Re2+ 0-1

[Event "AUTO-ADV-2529"]
[Site "http://www.queenalice.com/game.php?id=1069938"]
[Date "2012.6.9"]
[Round "1"]
[White "chopinou"]
[Black "Bixu"]
[Result "1-0"]
[WhiteElo "1849"]
[BlackElo "1707"]

1. e4 e5 2. Nf3 Nf6 3. Nc3 Nc6 4. Bc4 h6 5. d4 Bb4 6. O-O Bxc3 7. bxc3 Nxe4 8.
Nxe5 Nxe5 9. dxe5 Nxc3 10. Qf3 O-O 11. Qxc3 d5 12. exd6 Qxd6 13. Ba3 Qf6 14.
Qxf6 gxf6 15. Bxf8 Kxf8 16. Rfe1 Bf5 17. Bd3 Bxd3 18. cxd3 Rd8 19. Red1 f5 20.
Rab1 b6 21. Rb5 c5 22. Kf1 Rd4 23. Ke2 f4 24. f3 Ke7 25. Rb3 Kd6 26. Rc3 h5 27.
Rc4 Kd5 28. Rxd4+ cxd4 29. Rc1 a5 30. Rc7 f5 31. Rh7 Ke5 32. Rxh5 1-0

[Event "AUTO-ADV-2529"]
[Site "http://www.queenalice.com/game.php?id=1069939"]
[Date "2012.6.9"]
[Round "1"]
[White "Bixu"]
[Black "chopinou"]
[Result "0-1"]
[WhiteElo "1807"]
[BlackElo "1788"]

1. c3 e6 2. e3 d5 3. d4 c5 4. Bb5+ Bd7 5. Na3 Qb6 6. Bxd7+ Nxd7 7. Nf3 cxd4 8.
exd4 Bxa3 9. bxa3 Rc8 10. Bd2 Qa6 11. Qb3 Ne7 12. h4 Nb6 13. Ne5 O-O 14. h5 h6
15. g4 Nc6 16. Bc1 Nxe5 17. dxe5 Rc4 18. f3 Rfc8 19. Bd2 R4c7 20. g5 hxg5 21.
Rc1 Nc4 22. f4 Nxd2 23. Kxd2 gxf4 24. Rh4 f3 25. Rf4 Qe2# 0-1

[Event "AUTO-ADV-2529"]
[Site "http://www.queenalice.com/game.php?id=1069952"]
[Date "2012.6.9"]
[Round "1"]
[White "Bixu"]
[Black "elisangela"]
[Result "0-1"]
[WhiteElo "1774"]
[BlackElo "1849"]

1. e4 e6 2. e5 a6 3. d4 h6 4. Nf3 g5 5. Nc3 Bb4 6. Bd2 d6 7. exd6 Qxd6 8. Ne4
Bxd2+ 9. Qxd2 Qb6 10. b4 f5 11. Nc5 Nc6 12. a3 Nge7 13. Bc4 Kf7 14. Ne5+ Kf6 15.
Ned7+ Bxd7 16. Nxd7+ Kf7 17. Nxb6 cxb6 18. b5 Na5 19. Bb3 axb5 20. O-O Nc4 21.
Bxc4 bxc4 22. Qb4 Nd5 0-1

[Event "AUTO-ADV-2529"]
[Site "http://www.queenalice.com/game.php?id=1069953"]
[Date "2012.6.9"]
[Round "1"]
[White "elisangela"]
[Black "Bixu"]
[Result "1-0"]
[WhiteElo "1862"]
[BlackElo "1761"]

1. e3 c5 2. h3 Nf6 3. b3 e6 4. Bb2 d5 5. Bb5+ Bd7 6. Qe2 Nc6 7. Nf3 Bd6 8. a4
Nb4 9. Bxd7+ Qxd7 10. Na3 a6 11. Bxf6 gxf6 12. c3 Nc6 13. d4 Na5 14. dxc5 Nxb3
15. cxd6 Nxa1 16. Qb2 Qxd6 17. Qxa1 b5 18. Nc2 O-O 19. Nfd4 Rac8 20. axb5 axb5
21. Nxb5 Qd7 22. Nca3 1-0

[Event "AUTO-ADV-2529"]
[Site "http://www.queenalice.com/game.php?id=1069954"]
[Date "2012.6.9"]
[Round "1"]
[White "Bixu"]
[Black "LeandroMontalvao"]
[Result "0-1"]
[WhiteElo "1716"]
[BlackElo "1895"]

1. e4 e6 2. d4 d5 3. e5 c5 4. Bb5+ Bd7 5. Nc3 Qb6 6. Bxd7+ Nxd7 7. Nf3 cxd4 8.
Nxd4 Bc5 9. Na4 Qa5+ 10. Nc3 Nxe5 11. O-O Nf6 12. a3 O-O 13. Bd2 Bxd4 14. Ne2
Qb6 15. Nxd4 Qxd4 16. c3 Qb6 17. b4 Rac8 18. Be3 Qc6 0-1

[Event "AUTO-ADV-2529"]
[Site "http://www.queenalice.com/game.php?id=1069955"]
[Date "2012.6.9"]
[Round "1"]
[White "LeandroMontalvao"]
[Black "Bixu"]
[Result "1-0"]
[WhiteElo "1885"]
[BlackElo "1726"]

1. e4 e5 2. Nf3 Nc6 3. Bc4 Nf6 4. Ng5 Bc5 5. Nxf7 Qe7 6. Nxh8 Nxe4 7. O-O Qf8 8.
Nf7 b5 9. Bd5 Nd6 10. Nxd6+ Bxd6 11. Qh5+ Kd8 12. Qxh7 Bb7 13. d3 Be7 14. Bd2 b4
15. a3 a5 16. Re1 Rb8 17. Bxc6 Bxc6 18. axb4 Bxb4 19. c3 1-0